Statistics for When We Were Young Lyrics- Adele

Click here to take the quiz!

General Stats

  • This quiz has been taken 543 times
  • The average score is 23 of 26

Answer Stats

HintsAnswer% Correct
You're like a ____ come truedream
99%
To the way you ___move
97%
You look like a _____movie
97%
It was just like a _____movie
97%
From the way you ___talk
97%
Everybody loves the ____ you dothings
97%
of when we were _____young
97%
It was just like a ____song
96%
You sound like a ____song
96%
In case it is the ___ ___last time
95%
Everybody here is ______ youwatching
95%
My __, this reminds megod
94%
'Cause you feel like ___home
92%
Let me ______ you in this lightphotograph
91%
Can I have a ______, before I go?moment
90%
'Cause I've been by _____ all night longmyself
89%
Be _____ like we were before we realizedexactly
86%
I was so _____ to face my fearsscared
85%
That we ____might
84%
That's what you said, when you ___ meleft
78%
But if by ____ you're here _____chance alone
77%
_____ you're someone, I used to knowhoping
76%
It made us _______restless
75%
_______ told me that you'd be herenobody
65%
And I swore you moved ________overseas
65%
We were __ of getting oldsad
64%

Score Distribution

Percentile by Number Answered

Percent of People with Each Score

Your Score History

You have not taken this quiz